O drama da linguagem
Furkejuvvon:
| Váldodahkki: | |
|---|---|
| Materiálatiipa: | Dovdameahttun |
| Giella: | eaŋgalasgiella |
| Almmustuhtton: |
Ática
1995
|
| Fáddágilkorat: |
Lasit fáddágilkoriid
Eai fáddágilkorat, Lasit vuosttaš fáddágilkora!
|
MARC
| LEADER | 00000 a2200000 4500 | ||
|---|---|---|---|
| 003 | CL-VaPUC | ||
| 005 | 20231004130948.0 | ||
| 008 | 231004b ||||| |||| 00| 0 eng d | ||
| 999 | |c 167664 |d 167662 | ||
| 020 | |a ISBN 8508032730 | ||
| 040 | |c Pontificia Universidad Católica de Valparaíso | ||
| 100 | |a Benedito Nunes |9 222243 | ||
| 245 | |a O drama da linguagem | ||
| 260 | |b Ática |c 1995 | ||
| 583 | |k Sandra Vasquez |c 20231004 | ||
| 942 | |2 ddc |c BK |n 1 | ||